[Event "Aragon-chT Preferente Gr-II"]
[Site "Aragon"]
[Date "2020.02.22"]
[Round "5.66"]
[White "Neila Castillo, Miguel Angel"]
[Black "Gimeno Diaz, Fernando"]
[Result "1-0"]
[WhiteElo "2122"]
[BlackElo "1797"]
[PlyCount "129"]
[EventDate "2020.01.25"]
[EventType "team-tourn"]
[EventRounds "9"]
[EventCountry "ESP"]
[SourceTitle "EXT 2022"]
[Source "ChessBase"]
[SourceDate "2021.10.06"]
[SourceVersion "1"]
[SourceVersionDate "2021.10.06"]
[SourceQuality "1"]
[WhiteTeam "Delicias"]
[BlackTeam "Agrupacion III"]
[WhiteTeamCountry "ESP"]
[BlackTeamCountry "ESP"]

1. e4 c6 2. d4 d5 3. exd5 cxd5 4. c4 Nf6 5. Nc3 e6 6. Nf3 Bb4 7. a3 Bxc3+ 8. bxc3 Ne4 9. Qb3 0-0 10. Bd3 dxc4 11. Qxc4 Nd6 12. Qc5 Nf5 13. g4 Nd7 14. Qb5 a6 15. Qb1 Nh4 16. Bxh7+ Kh8 17. Be4 f5 18. Nxh4 Qxh4 19. gxf5 exf5 20. Bf3 Nf6 21. Ra2 Ne4 22. Qd3 Be6 23. Re2 Rac8 24. Bxe4 fxe4 25. Qg3 Qf6 26. Rxe4 Bd5 27. Rh4+ Kg8 28. 0-0 Rxc3 29. f3 Rxf3 30. Rxf3 Bxf3 31. Rf4 Qc6 32. Rxf8+ Kxf8 33. Bf4 Qe4 34. Be5 Qe3+ 35. Qf2 Qc1+ 36. Qf1 Qxf1+ 37. Kxf1 b5 38. Kf2 Bd5 39. Ke3 Kf7 40. Kd3 g6 41. Kc3 Ke6 42. Kb4 Bb7 43. Kc5 Kd7 44. Kb6 Kc8 45. Bf4 Bd5 46. Kxa6 Bc4 47. Kb6 Kd7 48. Kc5 Ke6 49. a4 Bd5 50. Kxb5 Kf5 51. Be5 Ke6 52. Kb6 Kd7 53. Kc5 Ke6 54. a5 Bb7 55. Kb6 Bd5 56. Kc7 Ke7 57. a6 Ke6 58. a7 Ke7 59. Kb8 Kd7 60. a8Q Bxa8 61. Kxa8 Kc8 62. Ka7 Kd7 63. Kb6 Ke6 64. Kc6 g5 65. Bg3 1-0

[Event "Aragon-chT Honor Gr I"]
[Site "Aragon"]
[Date "2018.02.24"]
[Round "5.23"]
[White "Navarro Alonso, Jorge Luis"]
[Black "Neila Castillo, Miguel Angel"]
[Result "1-0"]
[WhiteElo "2190"]
[BlackElo "2128"]
[PlyCount "45"]
[EventDate "2018.01.27"]
[EventType "team-tourn"]
[EventRounds "7"]
[EventCountry "ESP"]
[SourceTitle "EXT 2019"]
[Source "ChessBase"]
[SourceDate "2018.10.10"]
[SourceVersion "1"]
[SourceVersionDate "2018.10.10"]
[SourceQuality "1"]
[WhiteTeam "Helios"]
[BlackTeam "Delicias"]
[WhiteTeamCountry "ESP"]
[BlackTeamCountry "ESP"]

1. e4 c5 2. Nc3 Nc6 3. Bc4 e6 4. d3 Nge7 5. a3 d5 6. Ba2 d4 7. Nce2 b5 8. f4 Bb7 9. Nf3 Nc8 10. 0-0 Be7 11. c3 Nb6 12. cxd4 cxd4 13. Qe1 Qd7 14. Bd2 0-0-0 15. Rc1 Kb8 16. Qg3 f5 17. exf5 exf5 18. Qxg7 Ka8 19. Ng3 Nd5 20. Ne5 Nxe5 21. Qxe5 Rhg8 22. Bxd5 Bxd5 23. Rc7 1-0

[Event "Aragon-chT Preferente B"]
[Site "Aragon"]
[Date "2017.03.11"]
[Round "7.53"]
[White "Fabre Perez, Jose Maria"]
[Black "Neila Castillo, Miguel Angel"]
[Result "0-1"]
[WhiteElo "1978"]
[BlackElo "2115"]
[PlyCount "58"]
[EventDate "2017.01.28"]
[EventType "team-tourn"]
[EventRounds "9"]
[EventCountry "ESP"]
[SourceTitle "EXT 2018"]
[Source "ChessBase"]
[SourceDate "2017.10.13"]
[SourceVersion "1"]
[SourceVersionDate "2017.10.13"]
[SourceQuality "1"]
[WhiteTeam "Marcos Frechin II"]
[BlackTeam "Delicias II"]
[WhiteTeamCountry "ESP"]
[BlackTeamCountry "ESP"]

1. e4 c5 2. Nf3 Nc6 3. d4 cxd4 4. Nxd4 Nf6 5. Nc3 d6 6. Bg5 Qa5 7. Bb5 Bd7 8. Nb3 Qc7 9. Bxf6 gxf6 10. Nd5 Qd8 11. Qd2 a6 12. Be2 f5 13. Qg5 h6 14. Qh4 Bg7 15. 0-0-0 fxe4 16. Qxe4 0-0 17. g4 f5 18. gxf5 Bxf5 19. Qg2 Kh8 20. Rhg1 Rg8 21. Qf3 e6 22. Nf4 Nb4 23. Nd3 Nd5 24. Ne1 Bxb2+ 25. Kxb2 Qf6+ 26. Nd4 Rxg1 27. c3 Rc8 28. Nxf5 Rxc3 29. Ne3 Rb3+ 0-1

[Event "Aragon-chT Honor GrA"]
[Site "Aragon"]
[Date "2017.02.25"]
[Round "5.4"]
[White "Neila Castillo, Miguel Angel"]
[Black "Fuertes Garay, Javier"]
[Result "1-0"]
[WhiteElo "2115"]
[BlackElo "2085"]
[PlyCount "65"]
[EventDate "2017.01.28"]
[EventType "team-tourn"]
[EventRounds "7"]
[EventCountry "ESP"]
[SourceTitle "EXT 2018"]
[Source "ChessBase"]
[SourceDate "2017.10.13"]
[SourceVersion "1"]
[SourceVersionDate "2017.10.13"]
[SourceQuality "1"]
[WhiteTeam "Delicias"]
[BlackTeam "Aragon ONCE"]
[WhiteTeamCountry "ESP"]
[BlackTeamCountry "ESP"]

1. d4 Nf6 2. c4 c5 3. d5 e6 4. Nc3 exd5 5. cxd5 d6 6. Nf3 g6 7. e4 Bg7 8. h3 0-0 9. Bd3 Re8 10. 0-0 a6 11. a4 Nbd7 12. Nd2 b6 13. f4 Bb7 14. Nc4 Qc7 15. g4 h6 16. Qf3 Rf8 17. Be3 Rae8 18. Rae1 Bc8 19. Bf2 Qb8 20. e5 dxe5 21. fxe5 Nh7 22. Bg3 Qa7 23. h4 Bb7 24. Bb1 Qa8 25. Qd3 b5 26. axb5 axb5 27. Nxb5 Bxd5 28. Nc7 Bxc4 29. Qxc4 Qc8 30. Nxe8 Qxe8 31. Bxg6 Nxe5 32. Bxe5 Bxe5 33. Bxh7+ 1-0

[Event "Aragon-chT Honor GrA"]
[Site "Aragon"]
[Date "2017.02.11"]
[Round "3.3"]
[White "Cid Royo, Oscar"]
[Black "Neila Castillo, Miguel Angel"]
[Result "0-1"]
[WhiteElo "2044"]
[BlackElo "2115"]
[PlyCount "88"]
[EventDate "2017.01.28"]
[EventType "team-tourn"]
[EventRounds "7"]
[EventCountry "ESP"]
[SourceTitle "EXT 2018"]
[Source "ChessBase"]
[SourceDate "2017.10.13"]
[SourceVersion "1"]
[SourceVersionDate "2017.10.13"]
[SourceQuality "1"]
[WhiteTeam "La Aurora Estadilla"]
[BlackTeam "Delicias"]
[WhiteTeamCountry "ESP"]
[BlackTeamCountry "ESP"]

1. d4 Nf6 2. Nf3 e6 3. g3 b6 4. Bg2 Bb7 5. 0-0 d5 6. b3 Ne4 7. Bb2 Nd7 8. Nbd2 f5 9. c4 Be7 10. Rc1 0-0 11. Ne5 Nxe5 12. dxe5 c5 13. cxd5 exd5 14. f3 Ng5 15. f4 Ne4 16. Nxe4 fxe4 17. e3 Qe8 18. Rf2 Qg6 19. Rd2 Rfd8 20. Bh3 a5 21. Qg4 Qxg4 22. Bxg4 Kf7 23. Kf2 a4 24. Be2 axb3 25. axb3 g6 26. Rcd1 h5 27. h3 Ra2 28. g4 hxg4 29. hxg4 Bh4+ 30. Kg2 Ke6 31. g5 d4 32. Kh3 Rh8 33. Bg4+ Kd5 34. Kg2 Ba6 35. exd4 Rxb2 36. Rxb2 cxd4 37. Ra1 Bb5 38. Ra7 d3 39. Bd7 Bxd7 40. Rxd7+ Ke6 41. Rd6+ Kf5 42. Rf6+ Kg4 43. Rxg6 e3 44. Rh6 e2 0-1

[Event "Aragon-chT Honor GrA"]
[Site "Aragon"]
[Date "2015.03.07"]
[Round "7.12"]
[White "Neila Castillo, Miguel Angel"]
[Black "Bayod Rubia, Angel"]
[Result "0-1"]
[WhiteElo "2116"]
[BlackElo "2010"]
[PlyCount "96"]
[EventDate "2015.01.24"]
[EventType "team-tourn"]
[EventRounds "7"]
[EventCountry "ESP"]
[SourceTitle "EXT 2017"]
[Source "ChessBase"]
[SourceDate "2016.10.25"]
[SourceVersion "1"]
[SourceVersionDate "2016.10.25"]
[SourceQuality "1"]
[WhiteTeam "Delicias"]
[BlackTeam "El Olivar II"]
[WhiteTeamCountry "ESP"]
[BlackTeamCountry "ESP"]

1. d4 Nf6 2. c4 c5 3. d5 e5 4. Nc3 d6 5. e4 Be7 6. h3 Nbd7 7. Be2 Nf8 8. f4 exf4 9. Bxf4 Ng6 10. Bh2 0-0 11. Nf3 Ne8 12. 0-0 Bf6 13. Qc2 Nh4 14. Nxh4 Bd4+ 15. Kh1 Qxh4 16. Nb5 Be5 17. Bxe5 dxe5 18. Bf3 a6 19. Nc3 b6 20. Qf2 Qxf2 21. Rxf2 Nd6 22. Be2 Bd7 23. a4 f6 24. g4 Rfb8 25. Kg2 Ra7 26. b3 Rab7 27. Bf1 Be8 28. Rc2 Bg6 29. Bd3 h5 30. Kg3 hxg4 31. hxg4 Be8 32. Kf3 Bd7 33. Rca2 Kf7 34. Rh1 Kg6 35. Ke3 Rc7 36. Rf2 Rcc8 37. Rfh2 b5 38. axb5 axb5 39. Be2 bxc4 40. g5 fxg5 41. bxc4 Rb3 42. Kd3 Nxe4 43. Bh5+ Kf6 44. Kxe4 Bf5+ 45. Ke3 Rxc3+ 46. Kd2 Rxc4 47. Rf2 Rc2+ 48. Ke3 Rxf2 0-1

[Event "Aragon-chT Honor GrA"]
[Site "Aragon"]
[Date "2015.01.31"]
[Round "2.16"]
[White "Neila Castillo, Miguel Angel"]
[Black "Laplaza Ara, Carlos"]
[Result "1-0"]
[WhiteElo "2116"]
[BlackElo "1954"]
[PlyCount "53"]
[EventDate "2015.01.24"]
[EventType "team-tourn"]
[EventRounds "7"]
[EventCountry "ESP"]
[SourceTitle "EXT 2017"]
[Source "ChessBase"]
[SourceDate "2016.10.25"]
[SourceVersion "1"]
[SourceVersionDate "2016.10.25"]
[SourceQuality "1"]
[WhiteTeam "Delicias"]
[BlackTeam "Huesca Club Atletismo"]
[WhiteTeamCountry "ESP"]
[BlackTeamCountry "ESP"]

1. e4 c6 2. d4 d5 3. exd5 cxd5 4. c4 e6 5. Nf3 Nf6 6. c5 b6 7. b4 bxc5 8. bxc5 Nc6 9. Nc3 Be7 10. Bd3 0-0 11. 0-0 Bd7 12. h3 Nb4 13. Bb1 Qa5 14. a3 Nc6 15. Qd3 g6 16. Bf4 Nh5 17. Bh2 Ng7 18. Bc2 Bc8 19. Rfb1 Ba6 20. Qd2 Rfc8 21. Bd3 Ne8 22. Bxa6 Qxa6 23. Nb5 Bd8 24. Qh6 Qa5 25. Bd6 Ne7 26. Ng5 Nf6 27. Rb3 1-0

[Event "Aragon-chT Preferente A"]
[Site "Aragon"]
[Date "2012.02.11"]
[Round "2.45"]
[White "Neila Castillo, Miguel Angel"]
[Black "Dominguez Bujeda, Jesus"]
[Result "1/2-1/2"]
[WhiteElo "2071"]
[BlackElo "2127"]
[PlyCount "102"]
[EventDate "2012.02.04"]
[EventType "team"]
[EventRounds "9"]
[EventCountry "ESP"]
[SourceTitle "EXT 2014"]
[Source "ChessBase"]
[SourceDate "2013.11.20"]
[SourceVersion "1"]
[SourceVersionDate "2013.11.20"]
[SourceQuality "1"]
[WhiteTeam "Delicias CCOO II"]
[BlackTeam "Teruel"]
[WhiteTeamCountry "ESP"]
[BlackTeamCountry "ESP"]

1. c4 e6 2. g3 d5 3. Bg2 Nf6 4. Nf3 Be7 5. 0-0 0-0 6. d4 Nbd7 7. Nc3 c6 8. b3 b6 9. Bb2 Ba6 10. Nd2 Rc8 11. e4 dxe4 12. Ndxe4 c5 13. d5 exd5 14. Nxd5 Nxd5 15. Qxd5 Nf6 16. Qe5 Rc6 17. Rad1 Qc7 18. Rfe1 Bc8 19. Ng5 Rd6 20. Rd5 h6 21. Ne4 Rd7 22. Rxd7 Qxe5 23. Bxe5 Nxd7 24. Bd6 Re8 25. Nxc5 Kf8 26. Nxd7+ Bxd7 27. Rxe7 Rxe7 28. Kf1 Ke8 29. Bxe7 Kxe7 30. Ke2 Kd6 31. Kd3 Kc5 32. Kc3 g5 33. b4+ Kd6 34. f4 gxf4 35. gxf4 f6 36. Kd4 Bg4 37. c5+ Kc7 38. Kd5 Bd7 39. Kd4 a5 40. bxa5 bxa5 41. Bd5 Bf5 42. a3 Bg6 43. Be6 Bh5 44. Bd5 Bg6 45. Be4 Bf7 46. f5 Be8 47. Bf3 Bf7 48. Ke3 Bg8 49. Kf4 Bc4 50. Kg4 Bf7 51. Kh4 Be8 1/2-1/2

[Event "Aragon-chT Preferente A"]
[Site "Aragon"]
[Date "2012.02.04"]
[Round "1.37"]
[White "Palacios Latasa, Elias"]
[Black "Neila Castillo, Miguel Angel"]
[Result "1-0"]
[WhiteElo "2211"]
[BlackElo "2071"]
[PlyCount "39"]
[EventDate "2012.02.04"]
[EventType "team"]
[EventRounds "9"]
[EventCountry "ESP"]
[SourceTitle "EXT 2014"]
[Source "ChessBase"]
[SourceDate "2013.11.20"]
[SourceVersion "1"]
[SourceVersionDate "2013.11.20"]
[SourceQuality "1"]
[WhiteTeam "Olivar II"]
[BlackTeam "Delicias CCOO II"]
[WhiteTeamCountry "ESP"]
[BlackTeamCountry "ESP"]

1. e4 d5 2. exd5 Qxd5 3. Nc3 Qa5 4. Bc4 Nf6 5. h3 e5 6. Nf3 Bb4 7. 0-0 0-0 8. d3 Bxc3 9. bxc3 e4 10. Ng5 Qxc3 11. Rb1 exd3 12. cxd3 Qe5 13. Re1 Qd6 14. Qb3 Qb6 15. Bxf7+ Kh8 16. Ba3 Qxb3 17. Bxb3 h6 18. Bxf8 hxg5 19. Re7 Nc6 20. Bxg7+ 1-0

[Event "Aragon-chT Preferente"]
[Site "Spain"]
[Date "2010.03.20"]
[Round "9.61"]
[White "Neila Castillo, Miguel Angel"]
[Black "Ansola Marquinez, Alberto"]
[Result "1-0"]
[WhiteElo "2079"]
[BlackElo "2147"]
[PlyCount "101"]
[EventDate "2010.01.23"]
[EventType "team-swiss"]
[EventRounds "12"]
[EventCountry "ESP"]
[SourceTitle "EXT 2013"]
[Source "ChessBase"]
[SourceDate "2012.11.22"]
[SourceVersion "1"]
[SourceVersionDate "2012.11.22"]
[SourceQuality "1"]
[WhiteTeam "Delicias II"]
[BlackTeam "El Soto"]
[WhiteTeamCountry "ESP"]
[BlackTeamCountry "ESP"]

1. Nf3 e6 2. g3 f5 3. Bg2 Nf6 4. c4 Be7 5. 0-0 0-0 6. Nc3 d6 7. b4 e5 8. d3 a5 9. b5 Nbd7 10. Rb1 Qe8 11. Na4 Qh5 12. c5 Nxc5 13. Nxc5 dxc5 14. Nxe5 Be6 15. Bxb7 Rab8 16. Bg2 Ng4 17. Nxg4 fxg4 18. e4 Bxa2 19. Ra1 Qf7 20. Qa4 Bb3 21. Qxa5 Bf6 22. Ra3 Bd4 23. Be3 Bb2 24. Rxb3 Qxb3 25. Bxc5 Rfd8 26. Qxc7 Qxb5 27. d4 Bxd4 28. Bxd4 Rxd4 29. e5 Qb6 30. Qe7 Qb4 31. Qe6+ Kh8 32. Qf7 Qf8 33. Bd5 Qxf7 34. Bxf7 Re4 35. e6 g6 36. Rc1 Kg7 37. Kg2 Re2 38. Rc4 h5 39. Rf4 Re5 40. Rc4 Re1 41. h3 gxh3+ 42. Kxh3 Rbb1 43. Rc7 Kf6 44. Bg8 g5 45. g4 Rb3+ 46. Kg2 hxg4 47. Rf7+ Kg6 48. Bh7+ Kh6 49. Bc2 Rg3+ 50. Kxg3 Re3+ 51. fxe3 1-0

[Event "Aragon-chT Preferente"]
[Site "Spain"]
[Date "2010.02.27"]
[Round "6.61"]
[White "Cebollada Pacheco, Jesus Raul"]
[Black "Neila Castillo, Miguel Angel"]
[Result "0-1"]
[WhiteElo "1989"]
[BlackElo "2079"]
[PlyCount "110"]
[EventDate "2010.01.23"]
[EventType "team-swiss"]
[EventRounds "12"]
[EventCountry "ESP"]
[SourceTitle "EXT 2013"]
[Source "ChessBase"]
[SourceDate "2012.11.22"]
[SourceVersion "1"]
[SourceVersionDate "2012.11.22"]
[SourceQuality "1"]
[WhiteTeam "St Casablanca IV"]
[BlackTeam "Delicias II"]
[WhiteTeamCountry "ESP"]
[BlackTeamCountry "ESP"]

1. e4 d5 2. exd5 Qxd5 3. Nc3 Qa5 4. Bc4 Nf6 5. d3 c6 6. Qe2 Qc7 7. Bd2 Nbd7 8. 0-0-0 b5 9. Bb3 a5 10. a4 Nc5 11. Nf3 Nxb3+ 12. cxb3 e6 13. Nd4 bxa4 14. bxa4 Qb6 15. Be3 Bc5 16. Nf5 0-0 17. Nd6 Rb8 18. Nc4 Bxe3+ 19. Nxe3 Ba6 20. Nc4 Qb4 21. Ne5 Rfc8 22. Nc4 Nd5 23. Qc2 Bxc4 24. dxc4 Qxc4 25. Ne2 Qa2 26. Rd4 Nb4 27. Qb1 Qxa4 28. Rhd1 Qb3 29. Kd2 Rd8 30. Ke1 Rxd4 31. Nxd4 Qd5 32. Nf3 Qc4 33. Rd2 g6 34. Ne5 Qf4 35. Nd7 Rb5 36. g3 Qf3 37. Qd1 Qe4+ 38. Kf1 Qh1+ 39. Ke2 Qxd1+ 40. Kxd1 Kg7 41. Kc1 Rd5 42. Nb6 Rxd2 43. Kxd2 c5 44. Na4 Na6 45. Kc3 Kf6 46. Kc4 Ke5 47. Kb5 Nb4 48. Nxc5 Kd5 49. Nb3 Nd3 50. Kxa5 Nxb2 51. Kb5 Nc4 52. Nc5 Nd6+ 53. Kb4 Ne4 54. Nd3 Kd4 55. Nf4 Nxf2 0-1

[Event "Aragon-chT Autonomico"]
[Site "Aragon"]
[Date "2007.02.24"]
[Round "5"]
[White "Neila Castillo, Miguel Angel"]
[Black "Glaria Murillo, Christian"]
[Result "0-1"]
[WhiteElo "2078"]
[BlackElo "2202"]
[PlyCount "146"]
[EventDate "2007.01.27"]
[EventType "team"]
[EventRounds "9"]
[EventCountry "ESP"]
[SourceTitle "EXT 2008"]
[Source "ChessBase"]
[SourceDate "2007.11.25"]
[SourceVersion "1"]
[SourceVersionDate "2007.11.25"]
[SourceQuality "1"]
[WhiteTeam "Delicias"]
[BlackTeam "IberCaja"]
[WhiteTeamCountry "ESP"]
[BlackTeamCountry "ESP"]

1. Nf3 Nf6 2. g3 g6 3. b3 Bg7 4. Bb2 0-0 5. Bg2 d6 6. d4 c5 7. 0-0 cxd4 8. Nxd4 d5 9. Nd2 Nc6 10. c4 Ne8 11. Nxc6 bxc6 12. Bxg7 Kxg7 13. Ne4 Nc7 14. cxd5 cxd5 15. Rc1 Na6 16. Qd4+ f6 17. Rfd1 e6 18. Ng5 Qb6 19. Qxb6 axb6 20. Rxc8 Rfxc8 21. Nxe6+ Kh8 22. Bxd5 Ra7 23. Bc4 Nb4 24. a4 Nc6 25. f4 Na5 26. Bd5 Rd7 27. Rd3 Nc6 28. Bc4 Rxd3 29. Bxd3 Na5 30. b4 Nc6 31. b5 Nb4 32. Kf2 Ra8 33. h4 Rxa4 34. Nc7 Kg7 35. Bc4 Na2 36. Bd5 Nc3 37. Bc6 Rb4 38. Ke3 Kf7 39. Kd3 Na4 40. Kc2 Rb2+ 41. Kd1 Ke7 42. Nd5+ Ke6 43. Nc7+ Kf5 44. Ke1 g5 45. Bd7+ Ke4 46. hxg5 fxg5 47. Bc6+ Ke3 48. Nd5+ Kd4 49. f5 Ke5 50. Kf2 Kxf5 51. Ne3+ Kf6 52. Ng4+ Ke6 53. Ke3 Nc3 54. Kd3 Nxb5 55. Ne3 Nd6 56. Bd5+ Ke5 57. Bf3 Rb3+ 58. Kd2 Rxe3 59. Kxe3 Nf5+ 60. Kf2 Nd4 61. Bh5 b5 62. Bf7 b4 63. e3 Ne6 64. Ke2 Nc5 65. Bg8 h5 66. Bf7 b3 67. Kd2 Ne4+ 68. Kd3 b2 69. Kc2 Nxg3 70. Bg6 h4 71. Kxb2 h3 72. Be8 h2 73. Bc6 Ne4 0-1

[Event "Zaragoza Delicias op 6th"]
[Site "Zaragoza"]
[Date "2005.09.18"]
[Round "9"]
[White "Anton Caturla, Sergio"]
[Black "Neila Castillo, Miguel Angel"]
[Result "0-1"]
[WhiteElo "1907"]
[BlackElo "2105"]
[PlyCount "80"]
[EventDate "2005.09.11"]
[EventType "swiss"]
[EventRounds "9"]
[EventCountry "ESP"]
[SourceTitle "EXT 2007"]
[Source "ChessBase"]
[SourceDate "2006.11.23"]
[SourceVersion "1"]
[SourceVersionDate "2006.11.23"]
[SourceQuality "1"]

1. e4 Nf6 2. e5 Nd5 3. c4 Nb6 4. d4 d6 5. exd6 cxd6 6. Nc3 g6 7. Nf3 Bg7 8. Bf4 Bg4 9. Be2 Nc6 10. d5 Bxf3 11. Bxf3 Ne5 12. Bxe5 Bxe5 13. Rc1 Rc8 14. b3 Nd7 15. Ne4 Qa5+ 16. Qd2 Qxd2+ 17. Kxd2 Bf4+ 18. Ke2 Bxc1 19. Rxc1 0-0 20. Kd2 Rc7 21. Nc3 a6 22. Bg4 Nf6 23. Bh3 g5 24. g3 g4 25. Bg2 Nd7 26. h3 h5 27. hxg4 hxg4 28. Re1 Ne5 29. Ke3 b5 30. Rc1 bxc4 31. Ne4 Rfc8 32. bxc4 Rxc4 33. Rxc4 Rxc4 34. Bf1 Rc2 35. Bxa6 Rxa2 36. Bc8 Kg7 37. Kf4 Ra4 38. Kf5 Nd3 39. Bd7 Ra2 40. Kxg4 Ne5+ 0-1

[Event "Zaragoza Delicias op 6th"]
[Site "Zaragoza"]
[Date "2005.09.14"]
[Round "5"]
[White "Lopez Capape, Armando"]
[Black "Neila Castillo, Miguel Angel"]
[Result "1/2-1/2"]
[WhiteElo "1968"]
[BlackElo "2105"]
[PlyCount "60"]
[EventDate "2005.09.11"]
[EventType "swiss"]
[EventRounds "9"]
[EventCountry "ESP"]
[SourceTitle "EXT 2007"]
[Source "ChessBase"]
[SourceDate "2006.11.23"]
[SourceVersion "1"]
[SourceVersionDate "2006.11.23"]
[SourceQuality "1"]

1. d4 Nf6 2. c4 e6 3. Nf3 c5 4. dxc5 Bxc5 5. Nc3 0-0 6. e3 b6 7. Be2 Bb7 8. 0-0 d5 9. cxd5 Nxd5 10. Nxd5 Bxd5 11. Bd2 Nd7 12. Bc3 Qe7 13. Qa4 a5 14. e4 Bb7 15. Bb5 Nf6 16. Bxf6 Qxf6 17. e5 Qf5 18. Bc6 Bxc6 19. Qxc6 Qc2 20. Qb5 Rac8 21. Qb3 Qf5 22. Rad1 Rfd8 23. Rxd8+ Rxd8 24. Rd1 Rxd1+ 25. Qxd1 h6 26. h3 Qf4 27. Qd2 Qxd2 28. Nxd2 b5 29. b3 Kf8 30. Kf1 Ke7 1/2-1/2

[Event "Autonomico-chT"]
[Site "Aragon"]
[Date "2005.04.02"]
[Round "9.28"]
[White "Neila Castillo, Miguel Angel"]
[Black "Guetas Sanchez, Hugo"]
[Result "1-0"]
[WhiteElo "2083"]
[BlackElo "2022"]
[PlyCount "59"]
[EventDate "2005.01.22"]
[EventType "team"]
[EventRounds "12"]
[EventCountry "ESP"]
[SourceTitle "EXT 2006"]
[Source "ChessBase"]
[SourceDate "2005.11.24"]
[SourceVersion "1"]
[SourceVersionDate "2005.11.24"]
[SourceQuality "1"]

1. e4 d5 2. exd5 Nf6 3. d4 Bg4 4. f3 Bf5 5. Bb5+ Nbd7 6. c4 e6 7. dxe6 fxe6 8. Nc3 c6 9. Ba4 Qc7 10. Nge2 e5 11. Be3 0-0-0 12. Bc2 Bxc2 13. Qxc2 exd4 14. Bxd4 Bd6 15. 0-0-0 Bxh2 16. Qa4 a6 17. c5 Be5 18. Bf2 h5 19. Nb1 Rhf8 20. Nd2 Nd5 21. Nc4 Bf4+ 22. Kb1 g6 23. Nxf4 Qxf4 24. Nd6+ Kb8 25. Rh4 Qxa4 26. Rxa4 Rf4 27. Rxf4 Nxf4 28. Nf7 Rf8 29. Rxd7 Kc8 30. Re7 1-0

[Event "Autonomico-chT"]
[Site "Aragon"]
[Date "2005.02.26"]
[Round "5.16"]
[White "Neila Castillo, Miguel Angel"]
[Black "Baldellou Vicente, Roberto"]
[Result "1-0"]
[WhiteElo "2083"]
[BlackElo "2058"]
[PlyCount "91"]
[EventDate "2005.01.22"]
[EventType "team"]
[EventRounds "12"]
[EventCountry "ESP"]
[SourceTitle "EXT 2006"]
[Source "ChessBase"]
[SourceDate "2005.11.24"]
[SourceVersion "1"]
[SourceVersionDate "2005.11.24"]
[SourceQuality "1"]

1. e4 e6 2. d4 d5 3. Nd2 c5 4. exd5 exd5 5. Bb5+ Bd7 6. Qe2+ Qe7 7. Bxd7+ Nxd7 8. dxc5 Qxe2+ 9. Nxe2 Bxc5 10. Nb3 Ngf6 11. Nxc5 Nxc5 12. Be3 Rc8 13. 0-0-0 0-0 14. Nf4 Rfd8 15. Bd4 Ncd7 16. h4 h5 17. f3 Rc6 18. Bc3 Rc5 19. Rd2 Rdc8 20. Rhd1 Rxc3 21. bxc3 Nb6 22. Re1 Rc4 23. Rd4 Rc7 24. a4 a5 25. c4 dxc4 26. Re5 Nxa4 27. Rxa5 Nb6 28. Rd8+ Kh7 29. Nxh5 Nfd7 30. Nf4 Nf6 31. c3 Re7 32. Kd2 Nbd7 33. Nh5 Ne8 34. Raa8 Nc7 35. Ra1 Nc5 36. Re1 N7e6 37. Nf4 b5 38. Nxe6 fxe6 39. Re5 Rc7 40. g4 Nb3+ 41. Kc2 Ra7 42. Kb2 Rf7 43. g5 Rxf3 44. Rxe6 Rf2+ 45. Ka3 Nc1 46. g6+ 1-0

[Event "Autonomico-chT"]
[Site "Aragon"]
[Date "2005.02.05"]
[Round "2.36"]
[White "Lucas Belmar, Miguel Angel"]
[Black "Neila Castillo, Miguel Angel"]
[Result "0-1"]
[WhiteElo "1505"]
[BlackElo "2083"]
[PlyCount "85"]
[EventDate "2005.01.22"]
[EventType "team"]
[EventRounds "12"]
[EventCountry "ESP"]
[SourceTitle "EXT 2006"]
[Source "ChessBase"]
[SourceDate "2005.11.24"]
[SourceVersion "1"]
[SourceVersionDate "2005.11.24"]
[SourceQuality "1"]

1. e4 c5 2. d4 cxd4 3. c3 d3 4. Bxd3 Nc6 5. f4 d5 6. e5 Qb6 7. Qb3 Qxb3 8. axb3 e6 9. Be3 h5 10. Nf3 b6 11. Bxb6 Rb8 12. Be3 Rxb3 13. Ra2 Nb4 14. Bb5+ Kd8 15. Ba4 Rxb2 16. Rxb2 Nd3+ 17. Kd2 Nxb2 18. Bb5 Bd7 19. Bxd7 Nc4+ 20. Kd3 Nxe3 21. Kxe3 Kxd7 22. Nbd2 Bc5+ 23. Kd3 Nh6 24. Rb1 Bb6 25. c4 Nf5 26. c5 Bxc5 27. Rb7+ Kc6 28. Rxf7 a5 29. Nb3 Bb6 30. Nbd4+ Bxd4 31. Nxd4+ Nxd4 32. Kxd4 Ra8 33. Re7 a4 34. Rxe6+ Kb5 35. Rd6 a3 36. Rxd5+ Kb6 37. Ke4 a2 38. Rd1 a1Q 39. Rxa1 Rxa1 40. Kf5 Ra2 41. g3 Rxh2 42. Kg5 Rg2 43. Kh4 0-1